| 000 | 00778nam a2200205 i 4500 | ||
|---|---|---|---|
| 001 | 62081 | ||
| 003 | ES-MaACL | ||
| 005 | 20251105063132.0 | ||
| 007 | t| | ||
| 008 | 031117s1926 fr ||||1| fre d | ||
| 100 | 1 |
_aFaura i Sans, M., _d1883-1941 _948954 |
|
| 245 | 1 | 3 |
_aLa carte géologique de la Catalogne / _cMariano Faura y Sans. |
| 260 |
_aLiege : _b[s.n., _c1926] ( _fImp. Vaillant-Carmanne) |
||
| 300 |
_a4 h. : _bplan. ; _c27 cm. |
||
| 500 | _aEs tirada aparte del Compte Rendu du XIIIe Congrès géologique international 1922, págs. 1533-1538. | ||
| 500 | _aPrecede al tit.: Congrès Gölogique International. | ||
| 711 | 2 |
_aCongrès Géologique International ( _n13. _d1922. _cBruxelles) _9237 |
|
| 852 |
_aES-MaACL _j1709-F-15 |
||
| 999 |
_c62081 _d62081 |
||